Countries With No Consulates in the US Quiz Stats

Quiz Updated Apr 25, 2018

Challenge
Share
Tweet
Embed
Score 0/30 Timer 05:00
0 Plays Today
Country % Correct
North Korea
79.9%
Cuba
79.7%
Iran
75%
Somalia
64.6%
Sudan
64.4%
South Sudan
64.2%
Vatican City
61.4%
Chad
59.9%
Democratic Republic of the Congo
59.4%
Zimbabwe
55.3%
Tuvalu
54.7%
Vanuatu
54.2%
Niger
54.2%
Republic of the Congo
52.2%
Swaziland
49.4%
Country % Correct
Djibouti
48.8%
Zambia
47.7%
Palestine
45.7%
Solomon Islands
45.7%
Laos
44.6%
Burundi
43.7%
Benin
41%
Timor-Leste
40.4%
Malawi
40.2%
Brunei
40.1%
Guinea-Bissau
38.9%
Taiwan
37.6%
Turkmenistan
36.8%
Mozambique
35.9%
Maldives
35.2%

You're not logged in!

Compare scores with friends on all Sporcle quizzes.
Sign Up with Email
OR
Log In

You Might Also Like...

Show Comments

Extras

Top Quizzes Today


Score Distribution

Your Account Isn't Verified!

In order to create a playlist on Sporcle, you need to verify the email address you used during registration. Go to your Sporcle Settings to finish the process.

Report this User

Report this user for behavior that violates our Community Guidelines.

Details: